[Event "Bad Breisig Sen"]
[Site "?"]
[Date "2001.??.??"]
[Round "5"]
[White "Verdcheval, Hans"]
[Black "Scheidt, Eugen"]
[Result "0-1"]
[WhiteElo "1550"]
[BlackElo "1847"]
[Annotator "ChessOrg"]
[PlyCount "74"]

1. d4 d5 2. Nf3 Nf6 3. Bg5 e6 4. e3 Be7 5. Nbd2 Nbd7 6. Bd3 c6 7. c3 O-O 8. O-O
h6 9. Bh4 b6 10. Qe2 Bb7 11. Ne5 Nxe5 12. dxe5 Nd7 13. Bxe7 Qxe7 14. f4 f5 15.
exf6 Nxf6 16. Nf3 Nd7 17. Rad1 e5 18. Nxe5 Nxe5 19. fxe5 Qxe5 20. Rxf8+ Rxf8
21. Rf1 Rxf1+ 22. Qxf1 Qxe3+ 23. Kh1 c5 24. h3 c4 25. Bg6 Qe6 26. Bf5 Qf6 27.
Qf4 Bc8 28. g4 Bxf5 29. gxf5 a6 30. Kg2 Qg5+ 31. Kf3 Qf6 32. Ke3 b5 33. a3 Kf7
34. Qc7+ Qe7+ 35. Qxe7+ Kxe7 36. Kf4 Kf6 37. h4 h5 0-1

[Event "Bad Breisig Sen"]
[Site "?"]
[Date "2001.??.??"]
[Round "5"]
[White "Donner, Ernst"]
[Black "Schumacher, Ursula"]
[Result "1-0"]
[WhiteElo "1789"]
[BlackElo "1552"]
[Annotator "ChessOrg"]
[PlyCount "119"]

1. e4 e5 2. Bc4 Nf6 3. Nc3 c6 4. Nf3 d5 5. exd5 cxd5 6. Bb5+ Nc6 7. d3 Bg4 8.
h3 Bd7 9. O-O d4 10. Ne2 Qc7 11. Ng3 h6 12. Re1 Bd6 13. Bxc6 bxc6 14. Nxd4 O-O
15. Ndf5 Kh7 16. Qd2 Ng8 17. b3 a5 18. Bb2 a4 19. Nxd6 Qxd6 20. Re4 axb3 21.
axb3 c5 22. Rb1 Ra2 23. Qc3 Ne7 24. Bc1 Bc6 25. Re1 Qd5 26. f3 Qd4+ 27. Qxd4
cxd4 28. Rb2 Ra1 29. Bd2 Rfa8 30. Rxa1 Rxa1+ 31. Kf2 Kg6 32. Bb4 Nd5 33. Bd2 f6
34. b4 Nc7 35. Ne2 Ra4 36. f4 Nb5 37. fxe5 fxe5 38. c4 dxc3 39. Bxc3 Ra3 40.
Rc2 Nxc3 41. Rxc3 Rxc3 42. Nxc3 Kf7 43. g3 Ke7 44. Ke3 Kd6 45. d4 exd4+ 46.
Kxd4 g6 47. h4 h5 48. Ne2 Be8 49. Nc3 Bf7 50. b5 Kc7 51. Nd5+ Kd6 52. Nb4 Kc7
53. Kc5 Kb7 54. Nd5 Be6 55. Kd6 Bf5 56. Ke5 Bd3 57. Kf6 Bxb5 58. Kxg6 Be8+ 59.
Kg5 Kc6 60. Nf6 1-0

[Event "Bad Breisig Sen"]
[Site "?"]
[Date "2001.??.??"]
[Round "5"]
[White "Homes, Helmut"]
[Black "Farin, Friedrich"]
[Result "1-0"]
[WhiteElo "1808"]
[BlackElo "1309"]
[Annotator "ChessOrg"]
[PlyCount "81"]

1. e4 d6 2. d4 Nf6 3. Nc3 g6 4. f4 Bg7 5. Nf3 O-O 6. Bc4 Nbd7 7. O-O c6 8. Qe2
b5 9. Bb3 Bb7 10. Kh1 a5 11. a3 Ba6 12. Nd1 b4 13. Bc4 Bxc4 14. Qxc4 Nxe4 15.
Qxc6 Ndf6 16. axb4 Rc8 17. Qa4 axb4 18. Nf2 Qc7 19. Nxe4 Nxe4 20. Re1 d5 21.
Qxb4 Qxc2 22. Be3 Rb8 23. Qxe7 Rxb2 24. Rg1 Qf2 25. Qa3 Qxe3 26. Qxe3 Nf2+ 27.
Qxf2 Rxf2 28. Ra5 Rd8 29. Rb1 Bh6 30. Kg1 Rxf3 31. gxf3 Bxf4 32. Kg2 Re8 33.
Rxd5 Re2+ 34. Kf1 Rxh2 35. Rb7 Be3 36. Rdd7 Rf2+ 37. Ke1 Rxf3 38. Ke2 Rh3 39.
Rxf7 Bxd4 40. Rfd7 Be3 41. Rb8# 1-0

[Event "Bad Breisig Sen"]
[Site "?"]
[Date "2001.??.??"]
[Round "6"]
[White "Oser, Thor"]
[Black "Stumpf, Walter"]
[Result "0-1"]
[WhiteElo "1904"]
[BlackElo "2014"]
[Annotator "ChessOrg"]
[PlyCount "66"]

1. e4 c5 2. f4 d6 3. Nf3 Nc6 4. Bb5 Bd7 5. O-O e6 6. b3 Be7 7. Bb2 Bf6 8. e5
dxe5 9. Bxc6 Bxc6 10. fxe5 Be7 11. d3 Nh6 12. Qe2 Nf5 13. Nbd2 h5 14. g3 g5 15.
Ne4 g4 16. Nfd2 Nd4 17. Qf2 Rh7 18. c3 Nf5 19. Qe2 Qd7 20. Nc4 O-O-O 21. Ncd6+
Kb8 22. Nxc5 Qc7 23. d4 Bxd6 24. exd6 Qxd6 25. Rfe1 Qd5 26. Qe5+ Qxe5 27. Rxe5
h4 28. gxh4 Nxh4 29. Kf2 Nf3 30. Re2 Rxh2+ 31. Ke3 Rdh8 32. Ba3 b6 33. Nxe6
Rxe2+ 0-1

[Event "Bad Breisig Sen"]
[Site "?"]
[Date "2001.??.??"]
[Round "6"]
[White "Scheidt, Eugen"]
[Black "Wittelsberger, Helmut"]
[Result "0-1"]
[WhiteElo "1847"]
[BlackElo "1894"]
[Annotator "ChessOrg"]
[PlyCount "128"]

1. e4 c5 2. Nf3 d6 3. d4 cxd4 4. Nxd4 Nf6 5. Nc3 g6 6. Be2 Bg7 7. O-O O-O 8.
Be3 Nc6 9. f3 Bd7 10. Qd2 Nxd4 11. Bxd4 Qa5 12. Rad1 Rfc8 13. a3 Ne8 14. Bxg7
Nxg7 15. Nd5 Qxd2 16. Rxd2 Kf8 17. c4 Be6 18. Ne3 f5 19. exf5 Bxf5 20. Nxf5
Nxf5 21. Kf2 Rc7 22. g4 Ng7 23. f4 Rac8 24. Ke3 Ne8 25. f5 g5 26. h4 h6 27.
hxg5 hxg5 28. Rh1 Nf6 29. Rh6 Kf7 30. Rd1 Rg8 31. b3 Rc5 32. Bf3 Rg7 33. Rd4
Re5+ 34. Kd2 b6 35. Rh8 Rg8 36. Rxg8 Kxg8 37. b4 Kf8 38. Rd3 Ne4+ 39. Kc2 Nf6
40. Kd2 Ke8 41. Rd4 Kd7 42. Bg2 Kc7 43. Bf3 a6 44. Bg2 e6 45. fxe6 Rxe6 46. Bd5
Re5 47. Bf3 Re7 48. Rd3 Nd7 49. Rd4 Rh7 50. Bd5 Rh3 51. Be6 Ne5 52. Re4 Rxa3
53. c5 bxc5 54. bxc5 Nf3+ 55. Ke2 dxc5 56. Bd5 Nd4+ 57. Kd2 Kd6 58. Bb7 a5 59.
Re8 a4 60. Rg8 Rb3 61. Ba6 Rg3 62. Rg6+ Kd7 63. Bc4 Rxg4 64. Bd5 Rg3 0-1

[Event "Bad Breisig Sen"]
[Site "?"]
[Date "2001.??.??"]
[Round "6"]
[White "Buesdorf, Konrad"]
[Black "Ruppelt, Guenther"]
[Result "1-0"]
[WhiteElo "1814"]
[BlackElo "1781"]
[Annotator "ChessOrg"]
[PlyCount "81"]

1. d4 Nf6 2. c4 g6 3. Nc3 Bg7 4. e4 d6 5. Nf3 Bg4 6. Be2 O-O 7. O-O Nbd7 8. Be3
Bxf3 9. Bxf3 e5 10. d5 h6 11. Qd2 Kh7 12. Be2 b6 13. f4 exf4 14. Rxf4 Ne5 15.
Raf1 Ng8 16. h4 h5 17. g3 Bh6 18. R4f2 Bxe3 19. Qxe3 Qe7 20. Qf4 f6 21. Nb5 a6
22. Nd4 Nh6 23. Ne6 Rf7 24. Qd2 Nhg4 25. Bxg4 hxg4 26. Qe2 Kg8 27. Rf4 Nf3+ 28.
R1xf3 gxf3 29. Qxf3 f5 30. exf5 Rxf5 31. Rxf5 gxf5 32. Qxf5 Qh7 33. Qg5+ Kf7
34. Qf4+ Ke7 35. Kg2 Qh8 36. b3 c6 37. Kh3 cxd5 38. cxd5 Rc8 39. Nd4 Rf8 40.
Qe4+ Qe5 41. Nc6+ 1-0

[Event "Bad Breisig Sen"]
[Site "?"]
[Date "2001.??.??"]
[Round "6"]
[White "Rudolph, Joachim"]
[Black "Homes, Helmut"]
[Result "0-1"]
[WhiteElo "1850"]
[BlackElo "1808"]
[Annotator "ChessOrg"]
[PlyCount "99"]

1. f4 d5 2. Nf3 Nf6 3. e3 Bg4 4. Be2 Nc6 5. b3 e6 6. Bb2 Be7 7. O-O O-O 8. h3
Bf5 9. d3 h6 10. Ne5 Nxe5 11. fxe5 Nd7 12. Nd2 c5 13. Qe1 Qc7 14. Nf3 Rab8 15.
Rc1 b5 16. c4 bxc4 17. dxc4 dxc4 18. Bxc4 Nb6 19. Nd2 Nxc4 20. Nxc4 Bd3 21. Rf3
Rfd8 22. Qf2 Bg6 23. Bc3 Rd7 24. Qe2 Bh5 25. g4 Bg6 26. Qf2 Qc6 27. h4 Bxh4 28.
Qf1 Be4 29. Rh3 Bg5 30. Nd6 Bg6 31. Bd4 Rbd8 32. Rxc5 Qa8 33. Qc4 Kh7 34. Rc8
Rxc8 35. Qxc8 Qxc8 36. Nxc8 Rc7 37. Nxa7 Rc1+ 38. Kf2 Rc2+ 39. Kf3 Rxa2 40. b4
Bc2 41. Nb5 Bd1+ 42. Kg3 Bb3 43. Nc3 Rc2 44. Rh2 Rc1 45. Rb2 Bxe3 46. Rxb3 Bxd4
47. Ne2 Bxe5+ 48. Kf3 Rc4 49. b5 Kg6 50. b6 0-1

[Event "Bad Breisig Sen"]
[Site "?"]
[Date "2001.??.??"]
[Round "6"]
[White "Farin, Friedrich"]
[Black "Verdcheval, Hans"]
[Result "0-1"]
[WhiteElo "1309"]
[BlackElo "1550"]
[Annotator "ChessOrg"]
[PlyCount "88"]

1. d4 d5 2. c4 e6 3. Nc3 Nf6 4. Nf3 c6 5. Qc2 Nbd7 6. cxd5 exd5 7. e4 dxe4 8.
Nxe4 Qe7 9. Bd3 Nxe4 10. Bxe4 Nf6 11. O-O Qc7 12. Bg5 Nxe4 13. Qxe4+ Be6 14.
Bf4 Bd6 15. Bxd6 Qxd6 16. Ng5 Qd5 17. Qxd5 Bxd5 18. Rfe1+ Kd7 19. Ne4 Bxe4 20.
Rxe4 Rae8 21. f3 f5 22. Re5 Rxe5 23. dxe5 f4 24. g3 g5 25. Rd1+ Ke7 26. a3 Rd8
27. Re1 Ke6 28. g4 Rd5 29. Re4 Rxe5 30. Kf2 Rxe4 31. fxe4 Ke5 32. Kf3 a5 33. a4
b5 34. b3 bxa4 35. bxa4 c5 36. h4 gxh4 37. Kf2 c4 38. Ke1 c3 39. Kd1 h3 40. Kc2
Kd4 41. g5 h2 42. g6 hxg6 43. Kb3 h1=Q 44. e5 Qb1+ 0-1

[Event "Bad Breisig Sen"]
[Site "?"]
[Date "2001.??.??"]
[Round "6"]
[White "Schumacher, Ursula"]
[Black "Schaefer, Gustav"]
[Result "1/2-1/2"]
[WhiteElo "1552"]
[BlackElo "1458"]
[Annotator "ChessOrg"]
[PlyCount "64"]

1. c4 Nf6 2. Nc3 g6 3. Nf3 Bg7 4. g3 O-O 5. Bg2 d6 6. b3 Nbd7 7. Bb2 e5 8. Qc2
Re8 9. O-O Nc5 10. d3 Rb8 11. Ng5 Ne6 12. Nxe6 Bxe6 13. e4 Qd7 14. Rfe1 Bh6 15.
Bc1 Bxc1 16. Raxc1 Bh3 17. Bh1 Kg7 18. Qd2 Rh8 19. d4 h5 20. dxe5 dxe5 21. Qg5
Rbe8 22. Nd5 Nh7 23. Qe3 b6 24. Rcd1 Rd8 25. Nc3 Qe7 26. Qc1 h4 27. Rxd8 Rxd8
28. Rd1 hxg3 29. hxg3 Ng5 30. Rxd8 Qxd8 31. Nd5 f6 32. f4 Nf7 1/2-1/2

[Event "Bad Breisig Sen"]
[Site "?"]
[Date "2001.??.??"]
[Round "7"]
[White "Stumpf, Walter"]
[Black "Nietsch, Horst"]
[Result "1-0"]
[WhiteElo "2014"]
[BlackElo "2089"]
[Annotator "ChessOrg"]
[PlyCount "101"]

1. d4 e6 2. c4 Nf6 3. Nc3 Bb4 4. Qc2 d5 5. e3 c6 6. Nf3 Ne4 7. Bd3 f5 8. a3 Bd6
9. O-O O-O 10. Ne5 Nd7 11. f4 Ndf6 12. Qe2 Nxc3 13. bxc3 Ne4 14. Bd2 Bd7 15.
Nxd7 Qxd7 16. a4 b6 17. Ra2 Rfc8 18. Rc1 c5 19. cxd5 exd5 20. Bxe4 dxe4 21.
Qc4+ Qf7 22. Qxf7+ Kxf7 23. Kf2 Rc7 24. Rb1 Rb7 25. Rab2 Rab8 26. c4 Be7 27. d5
Bf6 28. Rb5 h6 29. a5 g5 30. axb6 Rxb6 31. Rxb6 Rxb6 32. Rxb6 axb6 33. fxg5
hxg5 34. Ke2 Be5 35. g3 Ke7 36. Kd1 b5 37. cxb5 Kd6 38. Kc2 Kxd5 39. Bc3 Bc7
40. h4 Bxg3 41. h5 f4 42. h6 f3 43. Kd1 Kc4 44. h7 Kxc3 45. h8=Q+ Kc4 46. b6
Kb5 47. b7 Kc6 48. Qc8+ Kb5 49. b8=Q+ Bxb8 50. Qxb8+ Kc4 51. Kc2 1-0

[Event "Bad Breisig Sen"]
[Site "?"]
[Date "2001.??.??"]
[Round "7"]
[White "Wittelsberger, Helmut"]
[Black "Buesdorf, Konrad"]
[Result "1-0"]
[WhiteElo "1894"]
[BlackElo "1814"]
[Annotator "ChessOrg"]
[PlyCount "51"]

1. e4 e5 2. Nf3 Nc6 3. d4 exd4 4. c3 dxc3 5. Nxc3 Bb4 6. Bc4 Nf6 7. e5 Ne4 8.
Qd5 Qe7 9. Qxe4 d6 10. O-O Bxc3 11. bxc3 Nxe5 12. Nxe5 Qxe5 13. Qxe5+ dxe5 14.
Ba3 Bd7 15. Rad1 Bc6 16. f4 exf4 17. Rxf4 f6 18. Rf2 Be4 19. Re2 f5 20. Rd5 g6
21. Re5+ Kd7 22. Rd2+ Kc8 23. Re7 Bc6 24. Bb2 h5 25. Be6+ Kb8 26. c4 1-0

[Event "Bad Breisig Sen"]
[Site "?"]
[Date "2001.??.??"]
[Round "7"]
[White "Homes, Helmut"]
[Black "Scheidt, Eugen"]
[Result "1/2-1/2"]
[WhiteElo "1808"]
[BlackElo "1847"]
[Annotator "ChessOrg"]
[PlyCount "62"]

1. e4 c5 2. Nc3 Nc6 3. Nf3 d6 4. Bb5 Bd7 5. d4 cxd4 6. Nxd4 g6 7. Be3 Bg7 8.
O-O Nf6 9. Qe1 Ng4 10. Nxc6 bxc6 11. Ba4 Nxe3 12. Qxe3 Qb6 13. Qxb6 axb6 14.
Bb3 O-O 15. Nd1 b5 16. c3 e6 17. Ne3 d5 18. exd5 exd5 19. Rad1 Rfe8 20. Rfe1
Re7 21. a3 Rae8 22. Kf1 Bh6 23. Nc2 Rxe1+ 24. Nxe1 Bf4 25. h3 Re7 26. Nd3 Bd6
27. Re1 Kf8 28. Rxe7 Kxe7 29. Ke2 Ke6 30. Ke3 c5 31. Nf4+ Bxf4+ 1/2-1/2

[Event "Bad Breisig Sen"]
[Site "?"]
[Date "2001.??.??"]
[Round "7"]
[White "Donner, Ernst"]
[Black "Schaefer, Gustav"]
[Result "0-1"]
[WhiteElo "1789"]
[BlackElo "1458"]
[Annotator "ChessOrg"]
[PlyCount "120"]

1. e4 d6 2. Bc4 Nf6 3. Nc3 g6 4. h3 Bg7 5. d4 O-O 6. Be3 Nbd7 7. f4 c5 8. e5
Nb6 9. Be2 Nfd5 10. Nxd5 Nxd5 11. Qd2 Qb6 12. b3 Nxe3 13. Qxe3 cxd4 14. Qd2
dxe5 15. fxe5 Bxe5 16. Nf3 Bg7 17. Rd1 Rd8 18. Bd3 e5 19. O-O Be6 20. Ng5 f6
21. Nxe6 Re8 22. Nxg7 Kxg7 23. Rf2 e4 24. Bxe4 Rxe4 25. Qd3 Rae8 26. Kh1 Re1+
27. Rf1 Rxf1+ 28. Rxf1 Re3 29. Qc4 Rc3 30. Qe2 Re3 31. Qc4 Qd6 32. Rd1 Rc3 33.
Qe2 Qe5 34. Qf2 Qe3 35. Qd2 Qxd2 36. Rxd2 f5 37. a4 Kf6 38. Re2 Re3 39. Rd2 Ke5
40. Kg1 f4 41. Kf2 Ke4 42. Kg1 g5 43. Kh2 h5 44. Kg1 g4 45. hxg4 hxg4 46. Kh2
g3+ 47. Kh3 Re1 48. Kg4 a5 49. Kh3 Re3 50. Kg4 b6 51. Kh3 d3 52. cxd3+ Rxd3 53.
Rb2 Kd4 54. Kg4 Kc3 55. Re2 Re3 56. Ra2 Kxb3 57. Ra1 Re4 58. Rb1+ Kxa4 59. Rxb6
Rb4 60. Rf6 Kb3 0-1

[Event "Bad Breisig Sen"]
[Site "?"]
[Date "2001.??.??"]
[Round "7"]
[White "Ruppelt, Guenther"]
[Black "Schumacher, Ursula"]
[Result "1-0"]
[WhiteElo "1781"]
[BlackElo "1552"]
[Annotator "ChessOrg"]
[PlyCount "66"]

1. d4 Nf6 2. e3 g6 3. Bd3 Bg7 4. Nd2 d5 5. f4 e6 6. Qe2 Na6 7. c3 c6 8. Ngf3
Nc7 9. Ne5 Nd7 10. Nxd7 Bxd7 11. Nf3 O-O 12. O-O f6 13. b3 Qe7 14. a4 Rfe8 15.
Ba3 Qf7 16. Bd6 Rac8 17. c4 Bf8 18. Bxf8 Qxf8 19. c5 b6 20. b4 bxc5 21. bxc5
Rb8 22. Rab1 Rxb1 23. Rxb1 Rb8 24. Qc2 f5 25. Ne5 Rxb1+ 26. Qxb1 Qc8 27. Nxd7
Qxd7 28. Qb7 Kf8 29. Qxa7 Ke7 30. Qb7 Kd8 31. a5 Ne8 32. Qb6+ Qc7 33. Ba6 Kd7
1-0

[Event "Bad Breisig Sen"]
[Site "?"]
[Date "2001.??.??"]
[Round "7"]
[White "Farin, Friedrich"]
[Black "Rudolph, Joachim"]
[Result "0-1"]
[WhiteElo "1309"]
[BlackElo "1850"]
[Annotator "ChessOrg"]
[PlyCount "70"]

1. d4 e6 2. Nf3 d5 3. c4 Nf6 4. Nbd2 Nbd7 5. Qc2 c6 6. e4 dxe4 7. Nxe4 Be7 8.
Bd3 Nxe4 9. Bxe4 Nf6 10. Bd3 h6 11. O-O Qc7 12. Ne5 Qd8 13. Bg6 O-O 14. Bxf7+
Rxf7 15. Qg6 Qf8 16. Bxh6 Nh7 17. Nxf7 Qxf7 18. Qxf7+ Kxf7 19. Be3 Bd7 20. Rad1
Nf6 21. f3 Rh8 22. g3 g6 23. g4 Bd6 24. Rf2 Bc7 25. g5 Nh5 26. f4 Ng7 27. d5
Nf5 28. dxe6+ Bxe6 29. Re2 Nxe3 30. Rxe3 Bb6 31. Rde1 Rh3 32. Kg2 Rxe3 33. Rxe3
Bxe3 34. Kf3 Bc1 35. Ke4 Ke7 0-1

[Event "Bad Breisig Sen"]
[Site "?"]
[Date "2001.??.??"]
[Round "8"]
[White "Glende, Siegfried"]
[Black "Wittelsberger, Helmut"]
[Result "1/2-1/2"]
[WhiteElo "1817"]
[BlackElo "1894"]
[Annotator "ChessOrg"]
[PlyCount "116"]

1. c4 e5 2. Nc3 c6 3. e4 d6 4. g3 Be7 5. Bg2 Na6 6. d3 Nc7 7. Nge2 f5 8. O-O
Nf6 9. Bd2 O-O 10. a3 fxe4 11. dxe4 Be6 12. b3 Qd7 13. f4 exf4 14. Nxf4 Bg4 15.
Qc2 Ne6 16. Nxe6 Bxe6 17. Ne2 Bh3 18. Rad1 Bxg2 19. Kxg2 Rad8 20. Bf4 Qc8 21.
Nd4 g6 22. Bh6 Ng4 23. Bd2 Bf6 24. Nf3 Qe6 25. h3 Ne5 26. Nxe5 Bxe5 27. Qd3
Rxf1 28. Rxf1 Re8 29. Bf4 Kg7 30. Re1 h6 31. Rd1 Bxf4 32. gxf4 Qxe4+ 33. Qxe4
Rxe4 34. Rxd6 Rxf4 35. a4 Rf7 36. Rd8 h5 37. Rd3 Kh6 38. h4 a6 39. Kg3 Re7 40.
c5 Re5 41. Rc3 g5 42. hxg5+ Kxg5 43. Kh3 h4 44. b4 Re4 45. Rb3 Rc4 46. a5 Rd4
47. Rb2 Rd3+ 48. Kh2 h3 49. Rb1 Kh4 50. Rb2 Kg4 51. Rc2 Rb3 52. Rc4+ Kf5 53.
Rd4 Ke5 54. Rh4 Ke6 55. Rc4 Re3 56. Rh4 Rb3 57. Rc4 Kd5 58. Rh4 Re3 1/2-1/2

[Event "Bad Breisig Sen"]
[Site "?"]
[Date "2001.??.??"]
[Round "8"]
[White "Nietsch, Horst"]
[Black "Ruppelt, Guenther"]
[Result "1-0"]
[WhiteElo "2089"]
[BlackElo "1781"]
[Annotator "ChessOrg"]
[PlyCount "81"]

1. e4 g6 2. d4 Bg7 3. Nc3 d6 4. f4 Nf6 5. Nf3 Bg4 6. Be2 O-O 7. h3 Bc8 8. Be3
d5 9. e5 Nh5 10. Kf2 Bh8 11. g4 Ng7 12. Kg2 e6 13. Qd2 Nc6 14. a3 a6 15. b4 Ne7
16. Bd3 Ne8 17. Ne2 f6 18. Ng3 f5 19. g5 Kf7 20. h4 Bg7 21. h5 Rh8 22. Rh2 c6
23. Rah1 Nc7 24. Kf1 Qg8 25. Rh4 Bd7 26. R4h3 h6 27. Qh2 Rf8 28. hxg6+ Nxg6 29.
Rh5 Re8 30. gxh6 Bf8 31. h7 Qg7 32. Ng5+ Ke7 33. Rh6 Kd8 34. Qe2 Be7 35. Qh5
Bxg5 36. Rxg6 Qf8 37. Qxg5+ Kc8 38. Rg7 Nb5 39. Bxb5 axb5 40. Rh6 b6 41. Rf6
1-0

[Event "Bad Breisig Sen"]
[Site "?"]
[Date "2001.??.??"]
[Round "8"]
[White "Scheidt, Eugen"]
[Black "Rudolph, Joachim"]
[Result "1/2-1/2"]
[WhiteElo "1847"]
[BlackElo "1850"]
[Annotator "ChessOrg"]
[PlyCount "53"]

1. e4 e6 2. d4 d5 3. Nc3 Nf6 4. Bg5 Be7 5. e5 Nfd7 6. Bxe7 Qxe7 7. f4 a6 8. Nf3
c5 9. Be2 cxd4 10. Nxd4 Nc6 11. Nb3 b5 12. a3 Bb7 13. O-O Nc5 14. Nxc5 Qxc5+
15. Kh1 O-O 16. Bd3 Ne7 17. Qh5 g6 18. Qh6 Nf5 19. Bxf5 exf5 20. Rf3 Qe7 21.
Rh3 f6 22. Re1 Rae8 23. Nd1 Qf7 24. Rhe3 fxe5 25. Rxe5 Rxe5 26. Rxe5 Re8 27.
Qh3 1/2-1/2

[Event "Bad Breisig Sen"]
[Site "?"]
[Date "2001.??.??"]
[Round "8"]
[White "Schaefer, Gustav"]
[Black "Oser, Thor"]
[Result "1/2-1/2"]
[WhiteElo "1458"]
[BlackElo "1904"]
[Annotator "ChessOrg"]
[PlyCount "31"]

1. e4 c5 2. Nf3 Nc6 3. d4 cxd4 4. Nxd4 e6 5. Nc3 a6 6. Be3 Nge7 7. Qd2 Nxd4 8.
Bxd4 Nc6 9. f4 b5 10. Qf2 Nxd4 11. Qxd4 Qc7 12. Qd2 Bb4 13. a3 Bxc3 14. Qxc3
Qxf4 15. Qxg7 Qxe4+ 16. Kd1 1/2-1/2

[Event "Bad Breisig Sen"]
[Site "?"]
[Date "2001.??.??"]
[Round "8"]
[White "Donner, Ernst"]
[Black "Homes, Helmut"]
[Result "0-1"]
[WhiteElo "1789"]
[BlackElo "1808"]
[Annotator "ChessOrg"]
[PlyCount "106"]

1. e4 e5 2. Nc3 Nf6 3. d3 Nc6 4. Nf3 Bc5 5. h3 O-O 6. Na4 Be7 7. a3 d5 8. Nc3
d4 9. Ne2 Re8 10. Ng3 Bd6 11. Be2 h6 12. Bd2 Ne7 13. Nh4 c5 14. O-O b5 15. f4
exf4 16. Bxf4 Bxf4 17. Rxf4 Nh7 18. Rf1 Ng5 19. Nf3 Ng6 20. Nxg5 Qxg5 21. Kh2
Re5 22. Qc1 Qh4 23. Qe1 Bd7 24. Nh1 Qg5 25. Qg3 Qd2 26. Qf2 f5 27. Bh5 Qxf2 28.
Rxf2 Ne7 29. exf5 Bxf5 30. Ng3 Be6 31. Raf1 g6 32. Bf3 Rf8 33. Ne4 Nf5 34. Bg4
c4 35. Nd6 cxd3 36. cxd3 Kg7 37. Rf4 Rd5 38. Ne4 Rc8 39. R1f2 a5 40. Bd1 Re5
41. Bg4 Rc6 42. g3 b4 43. axb4 axb4 44. Rd2 b3 45. Rff2 h5 46. Bf3 Ne3 47. Nf6
Rc2 48. Ne4 Ra5 49. Rfe2 Ra2 50. Nf2 Raxb2 51. Ne4 Bd5 52. g4 Bxe4 53. Bxe4
Rxd2 0-1

[Event "Bad Breisig Sen"]
[Site "?"]
[Date "2001.??.??"]
[Round "8"]
[White "Buesdorf, Konrad"]
[Black "Farin, Friedrich"]
[Result "1-0"]
[WhiteElo "1814"]
[BlackElo "1309"]
[Annotator "ChessOrg"]
[PlyCount "103"]

1. d4 Nf6 2. c4 g6 3. Nc3 Bg7 4. e4 d6 5. Be2 O-O 6. f4 e5 7. dxe5 dxe5 8. Qxd8
Rxd8 9. fxe5 Ng4 10. Bg5 Re8 11. Nd5 Bxe5 12. Ne7+ Kg7 13. Nxc8 Bxb2 14. Rb1
Bc3+ 15. Kf1 Rxe4 16. Rxb7 h6 17. Bc1 Na6 18. Rxa7 Rxc8 19. Rxa6 Rce8 20. h3
Ne3+ 21. Bxe3 Rxe3 22. Rc6 R8e7 23. h4 f6 24. Rh3 Bd2 25. Rxe3 Bxe3 26. Nf3 g5
27. hxg5 hxg5 28. c5 Bf4 29. Nd4 Rf7 30. Ne6+ Kh6 31. Nxf4 gxf4 32. a4 Kg5 33.
a5 Kh4 34. a6 Kg3 35. a7 Rh7 36. Bf3 Rh1+ 37. Ke2 Ra1 38. Rxc7 Ra2+ 39. Kd3
Ra3+ 40. Ke4 Re3+ 41. Kf5 Re8 42. Rg7+ Kf2 43. Kxf4 Rc8 44. Rd7 Rxc5 45. Rd1
Rc4+ 46. Kf5 Kg3 47. a8=Q Rf4+ 48. Ke6 f5 49. Qg8+ Kf2 50. Rd2+ Ke3 51. Qd8
Rxf3 52. Qd4# 1-0

[Event "Bad Breisig Sen"]
[Site "?"]
[Date "2001.??.??"]
[Round "9"]
[White "Buesdorf, Konrad"]
[Black "Nietsch, Horst"]
[Result "0-1"]
[WhiteElo "1814"]
[BlackElo "2089"]
[Annotator "ChessOrg"]
[PlyCount "68"]

1. d4 c5 2. d5 e6 3. c4 d6 4. e4 g6 5. Nc3 Bg7 6. Nf3 a6 7. Be2 Nf6 8. Bg5 e5
9. O-O O-O 10. Qd2 Bg4 11. Bh6 Nbd7 12. h3 Bxf3 13. Bxf3 Qa5 14. Be2 Rab8 15.
Bxg7 Kxg7 16. f4 b5 17. Qc2 b4 18. Nd1 exf4 19. Rxf4 b3 20. Qc3 Qxc3 21. Nxc3
bxa2 22. Rxa2 Rb6 23. Rf1 Re8 24. Rfa1 Nxe4 25. Nxe4 Rxe4 26. Bf3 Rxc4 27. Rxa6
Rcb4 28. Ra7 Ne5 29. R1a3 Rxb2 30. Rc7 Rb7 31. Rc8 R2b3 32. Rxb3 Rxb3 33. Be2
Rb2 34. Kf2 Rd2 0-1

[Event "Bad Breisig Sen"]
[Site "?"]
[Date "2001.??.??"]
[Round "9"]
[White "Rudolph, Joachim"]
[Black "Glende, Siegfried"]
[Result "0-1"]
[WhiteElo "1850"]
[BlackElo "1817"]
[Annotator "ChessOrg"]
[PlyCount "104"]

1. f4 b6 2. Nf3 Bb7 3. e3 e6 4. Nc3 Be7 5. Bd3 Bh4+ 6. g3 Bf6 7. O-O Nh6 8. Ne4
Be7 9. b3 O-O 10. Bb2 f5 11. Nf2 Na6 12. Be2 Nc5 13. Ba3 Ne4 14. Bxe7 Qxe7 15.
Nxe4 Bxe4 16. Ng5 Bb7 17. Bf3 c6 18. Bg2 a5 19. a4 Ba6 20. d3 Qc5 21. Qd2 e5
22. d4 Qe7 23. Rfe1 e4 24. Nh3 Ng4 25. Nf2 Nf6 26. Bf1 Bxf1 27. Kxf1 h6 28. Kg2
Nh7 29. Qe2 g5 30. Nh3 gxf4 31. Nxf4 Qf7 32. Qh5 Qxh5 33. Nxh5 Ng5 34. Nf4 Kh7
35. Red1 d5 36. c3 Rg8 37. Rdc1 h5 38. Nxh5 Kh6 39. Nf4 Nf3 40. c4 dxc4 41.
Rxc4 c5 42. d5 Rh8 43. Rd1 Kg7 44. d6 Rxh2+ 45. Kf1 Rh1+ 46. Ke2 Rxd1 47. Kxd1
Kf7 48. Nd5 Rd8 49. Kc1 Rxd6 50. Nc3 Ne5 51. Nxe4 Nxc4 52. bxc4 fxe4 0-1